00200 a2200109 4500001000700000020000600007040001100013100000600024240002800030245002300058362000900081161155 a  cMagnum a-10aA lebre fanfarronalpor10aA lebre fanfarrona0 a1899